Segmentácia medicínskych obrazových dát metódami hlbokého učenia

Enregistré dans:
Détails bibliographiques
Auteur principal: Bojko, Matúš (Auteur)
Autres auteurs: Jakab, Marek (Directeur de thèse)
Format: Manuscrit Livre
Langue:slovaque
Publié: 2025
Sujets:
Accès en ligne:http://is.stuba.sk/zp/portal_zp.pl?podrobnosti=184073
Tags: Ajouter un tag
Pas de tags, Soyez le premier à ajouter un tag!

MARC

LEADER 00000ntm a22000003a 4500
001 stuzp105814
003 SK-STU
005 20250607211713.8
007 ta
008 150427s2015----xo-----f-mn---000-0-slo-d
040 |a STU  |b slo 
041 0 |a slo 
100 1 |a Bojko, Matúš  |u 070400  |4 aut  |U FIIT Fakulta informatiky a informačných technológií  |T FIIT Ústav počítačového inžinierstva a aplikovanej informatiky  |X 110766  |U I400  |Y 672  |7 110766 
242 0 1 |a Medical image segmentation using deep learning methods  |y eng 
245 1 0 |a Segmentácia medicínskych obrazových dát metódami hlbokého učenia 
260 |c 2025 
650 4 |a Consistency regularization  |2 eng 
650 4 |a Medical image segmentation  |2 eng 
650 4 |a Semi-supervised learning  |2 eng 
650 4 |a Čiastočne riadené učenie  |2 slo 
650 4 |a Regularizácia konzistencie  |2 slo 
650 4 |a Segmentácia medicínskych obrazových dát  |2 slo 
700 1 |a Jakab, Marek  |u 070300  |k Z3  |4 ths  |U FIIT Fakulta informatiky a informačných technológií  |T FIIT Ústav aplikovanej informatiky  |X 5669  |U I300  |Y 180  |7 A000005669 
856 4 |u http://is.stuba.sk/zp/portal_zp.pl?podrobnosti=184073